[Event "2.Nord-West-Cup"]
[Site "?"]
[Date "2000.02.12"]
[Round "5"]
[White "Henrichsen, Jens"]
[Black "Salov, Sergej"]
[Result "1/2-1/2"]
[WhiteElo "2059"]
[BlackElo "2299"]
[PlyCount "53"]

1. d4 Nf6 2. c4 d6 3. Nf3 g6 4. Nc3 Nbd7 5. e4 e5 6. Be2 Bg7 7. O-O O-O 8. Qc2
c6 9. Rd1 Qe7 10. b4 h6 11. Rb1 exd4 12. Nxd4 Re8 13. f3 Nb6 14. Bf1 Nfd7 15.
Na4 Nxa4 16. Qxa4 Ne5 17. Bb2 h5 18. Qb3 a6 19. a4 h4 20. Kh1 Be6 21. Nxe6 Qxe6
22. Bd4 g5 23. c5 Qxb3 24. Rxb3 Rad8 25. Bxe5 dxe5 26. Rxd8 Rxd8 27. Rd3
1/2-1/2

[Event "2.Nord-West-Cup"]
[Site "?"]
[Date "2000.02.13"]
[Round "7"]
[White "Henrichsen, Jens"]
[Black "Mader, Sascha"]
[Result "1/2-1/2"]
[WhiteElo "2059"]
[BlackElo "1959"]
[PlyCount "34"]

1. d4 Nf6 2. c4 g6 3. Nc3 d5 4. Nf3 Bg7 5. Qb3 dxc4 6. Qxc4 O-O 7. e4 e5 8.
Nxe5 Nbd7 9. Nxd7 Bxd7 10. f3 Re8 11. Be2 Nh5 12. O-O b5 13. Qd3 b4 14. Nd1 a6
15. d5 Bb5 16. Qc2 Bxe2 17. Qxe2 Qxd5 1/2-1/2

[Event "2.Nord-West-Cup"]
[Site "?"]
[Date "2000.02.10"]
[Round "1"]
[White "Hermann, Manfred"]
[Black "Sarveniazi, Alireza"]
[Result "1-0"]
[WhiteElo "2357"]
[BlackElo "1920"]
[PlyCount "91"]

1. e4 c5 2. c3 Nf6 3. e5 Nd5 4. d4 Nc6 5. Nf3 cxd4 6. Bc4 Nb6 7. Bb3 d6 8. exd6
Qxd6 9. O-O Be6 10. Na3 a6 11. Bxe6 Qxe6 12. Nxd4 Qd7 13. Be3 Nd5 14. Nxc6 Qxc6
15. Bd4 e6 16. Nc2 Bd6 17. g3 O-O 18. Re1 Rfe8 19. f4 Rad8 20. Qf3 Bc5 21. Rad1
Bxd4+ 22. Nxd4 Qc4 23. a3 b5 24. Qf2 h6 25. Nf3 f6 26. Rd4 Qc7 27. Rde4 Kf7 28.
Nd4 Rd6 29. Qe2 Qb6 30. Qh5+ Kf8 31. Kg2 Qc5 32. Nf5 Ne7 33. Nxg7 Rd2+ 34. Kh3
Qxh5+ 35. Nxh5 Ng8 36. Rxe6 Rxe6 37. Rxe6 Rxb2 38. Rxa6 Kf7 39. a4 bxa4 40.
Rxa4 f5 41. Ra7+ Ne7 42. Ng7 Kxg7 43. Rxe7+ Kg6 44. Re6+ Kh5 45. Rf6 Rb5 46.
Rxf5+ 1-0

[Event "2.Nord-West-Cup"]
[Site "?"]
[Date "2000.02.11"]
[Round "3"]
[White "Hermann, Manfred"]
[Black "Leiber, Bernard"]
[Result "1-0"]
[WhiteElo "2357"]
[BlackElo "2212"]
[PlyCount "43"]

1. e4 g6 2. d4 Bg7 3. c3 d6 4. Bc4 Nf6 5. Qe2 e5 6. dxe5 dxe5 7. Nf3 Nbd7 8.
O-O O-O 9. b4 h6 10. Nbd2 a5 11. a4 Nh5 12. g3 Qe7 13. bxa5 Rxa5 14. Nb3 Ra8
15. Ba3 c5 16. a5 Kh7 17. Nfd2 Re8 18. Bb5 Qd8 19. Nc4 Bf8 20. Rfd1 Nhf6 21.
Nb6 Rb8 22. Bxd7 1-0

[Event "2.Nord-West-Cup"]
[Site "?"]
[Date "2000.02.12"]
[Round "5"]
[White "Hermann, Manfred"]
[Black "Langrock, Hannes"]
[Result "1/2-1/2"]
[WhiteElo "2357"]
[BlackElo "2135"]
[PlyCount "49"]

1. e4 c5 2. c3 Nf6 3. e5 Nd5 4. d4 cxd4 5. Nf3 Nc6 6. Bc4 Nb6 7. Bb3 d6 8. exd6
Qxd6 9. O-O Be6 10. Na3 Bxb3 11. Qxb3 e6 12. Nb5 Qd7 13. Bf4 Na5 14. Nc7+ Qxc7
15. Qb5+ Qc6 16. Qxa5 Qd5 17. Qxd5 Nxd5 18. Bd2 dxc3 19. bxc3 Be7 20. Rfb1 b6
21. c4 Nf6 22. a4 O-O 23. a5 Bc5 24. Kf1 Rfd8 25. Bb4 1/2-1/2

[Event "2.Nord-West-Cup"]
[Site "?"]
[Date "2000.02.13"]
[Round "7"]
[White "Hermann, Manfred"]
[Black "Sawatzki, Frank"]
[Result "1-0"]
[WhiteElo "2357"]
[BlackElo "2270"]
[PlyCount "43"]

1. e4 c5 2. Nf3 Nc6 3. c3 Nf6 4. e5 Nd5 5. d4 cxd4 6. Bc4 Nb6 7. Bb3 d6 8. exd6
Qxd6 9. O-O Be6 10. Na3 Bxb3 11. Qxb3 e6 12. Nb5 Qd8 13. Nfxd4 Nxd4 14. Nxd4
Qc7 15. Qb5+ Qd7 16. Qe2 a6 17. Rd1 Rd8 18. Bg5 Rc8 19. Rd3 Nd5 20. Rad1 h6 21.
Nxe6 fxe6 22. Rxd5 1-0

[Event "2.Nord-West-Cup"]
[Site "?"]
[Date "2000.02.10"]
[Round "1"]
[White "Herrmann, Lutz"]
[Black "Segelken, Peter"]
[Result "1-0"]
[WhiteElo "1765"]
[BlackElo "2020"]
[PlyCount "85"]

1. d4 d5 2. c4 e6 3. Nc3 Nf6 4. Bg5 Be7 5. Nf3 O-O 6. e3 h6 7. Bxf6 Bxf6 8. Bd3
c6 9. O-O Nd7 10. Rc1 Re8 11. cxd5 exd5 12. b4 a6 13. a4 Nf8 14. b5 axb5 15.
axb5 Bg4 16. h3 Bh5 17. g4 Bg6 18. Bxg6 Nxg6 19. bxc6 bxc6 20. Na4 Qd6 21. Kg2
Reb8 22. Nc5 Bd8 23. Qc2 Bc7 24. Rh1 Rb6 25. h4 Rab8 26. Nd3 Qe6 27. Nh2 Nxh4+
28. Kh3 Ng6 29. Nc5 Qe7 30. Qf5 Rb2 31. Nd3 Qh4+ 32. Kg2 Qe7 33. Nf3 R2b7 34.
Rxc6 Re8 35. Re1 Ba5 36. Qxd5 Qa3 37. Nde5 Nxe5 38. Nxe5 Rxe5 39. Rc8+ Kh7 40.
Qxe5 Qd3 41. Rf1 Bd2 42. e4 Ra7 43. Qf5+ 1-0

[Event "2.Nord-West-Cup"]
[Site "?"]
[Date "2000.02.11"]
[Round "3"]
[White "Herrmann, Lutz"]
[Black "Erdogan, Ugur"]
[Result "0-1"]
[WhiteElo "1765"]
[BlackElo "2100"]
[PlyCount "40"]

1. d4 Nf6 2. c4 e6 3. Nc3 Bb4 4. Bg5 h6 5. Bxf6 Qxf6 6. e3 c5 7. Qd2 Nc6 8. Nf3
d5 9. cxd5 exd5 10. Bb5 O-O 11. Bxc6 bxc6 12. a3 cxd4 13. axb4 dxc3 14. bxc3
Qg6 15. Qd4 Re8 16. Ne5 Qxg2 17. Ke2 f6 18. Rag1 fxe5 19. Qh4 Qe4 20. Qf6 Bg4+
0-1

[Event "2.Nord-West-Cup"]
[Site "?"]
[Date "2000.02.13"]
[Round "7"]
[White "Herrmann, Lutz"]
[Black "Albers, Andreas"]
[Result "1/2-1/2"]
[WhiteElo "1765"]
[BlackElo "1791"]
[PlyCount "69"]

1. d4 Nf6 2. c4 g6 3. Nc3 d5 4. cxd5 Nxd5 5. Na4 Bg7 6. e4 Nb6 7. Be3 O-O 8.
Rc1 Nc6 9. d5 Ne5 10. Be2 Nxa4 11. Qxa4 Ng4 12. Bd4 Bxd4 13. Qxd4 c6 14. Bxg4
Bxg4 15. f3 Bd7 16. Ne2 Qa5+ 17. Nc3 cxd5 18. Qxd5 Qc7 19. Ne2 Bc6 20. Qc5 e6
21. Nd4 Rac8 22. b4 Qf4 23. Ne2 Qh4+ 24. g3 Qh6 25. O-O b6 26. Qf2 Qd2 27. Nd4
Qxf2+ 28. Rxf2 Ba4 29. Rxc8 Rxc8 30. Rb2 Rc4 31. Ne2 Kf8 32. Kf2 Bd1 33. Ke1
Bxe2 34. Kxe2 b5 35. Kd3 1/2-1/2

[Event "2.Nord-West-Cup"]
[Site "?"]
[Date "2000.02.11"]
[Round "2"]
[White "Hoelscher, Josef"]
[Black "Wichelmann, Martin"]
[Result "0-1"]
[WhiteElo "1277"]
[BlackElo "1920"]
[PlyCount "90"]

1. e4 c5 2. Nf3 Nc6 3. d4 cxd4 4. Nxd4 Nf6 5. Nc3 e5 6. Nf3 Bb4 7. Bg5 Bxc3+ 8.
bxc3 Qa5 9. Bxf6 Qxc3+ 10. Nd2 gxf6 11. Bd3 Nb4 12. O-O Nxd3 13. cxd3 Qxd3 14.
Re1 d6 15. Re3 Qd4 16. Rc1 Bd7 17. Rcc3 Rc8 18. Qc2 Ke7 19. Red3 Rxc3 20. Rxc3
Bc6 21. Rc4 Qb6 22. h3 Rc8 23. Qd1 Bd7 24. a3 Rxc4 25. Nxc4 Qd4 26. Qxd4 exd4
27. f4 Bb5 28. Nd2 Bd3 29. g4 Bc2 30. Kf2 b5 31. Ke2 a5 32. Nf3 Bxe4 33. Nxd4
b4 34. axb4 axb4 35. Kd2 Kd7 36. h4 Kc7 37. Kc1 Kb6 38. Ne2 Kc5 39. Ng3 Kd4 40.
Kb2 Ke3 41. Nh5 d5 42. Kb3 d4 43. Nxf6 d3 44. Kb2 d2 45. Nxe4 d1=Q 0-1

[Event "2.Nord-West-Cup"]
[Site "?"]
[Date "2000.02.12"]
[Round "5"]
[White "Hoelscher, Josef"]
[Black "Fischer, Steffen"]
[Result "0-1"]
[WhiteElo "1277"]
[BlackElo "1254"]
[PlyCount "62"]

1. e4 e5 2. Nf3 Nc6 3. Bc4 Bc5 4. c3 Nf6 5. d4 exd4 6. cxd4 Bb4+ 7. Bd2 Bxd2+
8. Nbxd2 d5 9. exd5 Nxd5 10. O-O O-O 11. h3 Be6 12. a3 Qd7 13. Re1 Nf4 14. Bxe6
Nxe6 15. Nb3 Rad8 16. Qc2 Rfe8 17. Rad1 Re7 18. Rd2 Nexd4 19. Nbxd4 Rxe1+ 20.
Nxe1 Nxd4 21. Qd1 Ne2+ 22. Qxe2 Qxd2 23. Qxd2 Rxd2 24. b3 Ra2 25. Nd3 Rxa3 26.
Nc5 b6 27. Nd7 Rxb3 28. Nb8 a5 29. Kh2 a4 30. Nc6 a3 31. Nd4 Rb2 0-1

[Event "2.Nord-West-Cup"]
[Site "?"]
[Date "2000.02.13"]
[Round "7"]
[White "Hoelscher, Josef"]
[Black "Haase, Sven"]
[Result "0-1"]
[WhiteElo "1277"]
[BlackElo "1736"]
[PlyCount "77"]

1. e4 c5 2. Nf3 d6 3. d4 cxd4 4. Nxd4 Nf6 5. Nc3 a6 6. h3 b5 7. Bd3 Bb7 8. f3
Nc6 9. Nxc6 Bxc6 10. O-O e6 11. Bf4 Qc7 12. a3 Be7 13. g4 O-O 14. Qe2 Qb7 15.
b4 Rfd8 16. Qf2 d5 17. e5 Nd7 18. Ne2 g5 19. Bg3 Qa7 20. Qxa7 Rxa7 21. Kh2 Nb6
22. f4 Nc4 23. Nd4 Ba8 24. Ra2 Rc7 25. Rf2 Rdc8 26. Re2 gxf4 27. Bf2 Bg5 28. h4
Bh6 29. g5 Bg7 30. Nf3 d4 31. Be4 Bxe4 32. Rxe4 Ne3 33. Rxd4 Rxc2 34. Rd2 Nf1+
35. Kg2 Nxd2 36. Rxc2 Rxc2 37. h5 Ne4 38. h6 Rxf2+ 39. Kg1 0-1

[Event "2.Nord-West-Cup"]
[Site "?"]
[Date "2000.02.12"]
[Round "4"]
[White "Hoeppner, Hans"]
[Black "Bauland, Thomas"]
[Result "0-1"]
[WhiteElo "1694"]
[BlackElo "1816"]
[PlyCount "113"]

1. e3 e5 2. Ne2 d5 3. Ng3 Bd6 4. d3 Ne7 5. e4 d4 6. Be2 O-O 7. O-O Ng6 8. Nh5
Be6 9. Bd2 Nd7 10. Qc1 Kh8 11. c4 c6 12. b4 b5 13. c5 Bc7 14. a4 bxa4 15. Rxa4
a5 16. h3 axb4 17. Rxa8 Qxa8 18. Bxb4 Rb8 19. Bd2 Rb5 20. f4 exf4 21. Nxf4 Nxf4
22. Bxf4 Bxf4 23. Qxf4 Qa2 24. Nd2 Rb2 25. Rd1 h6 26. Bg4 Nxc5 27. Bxe6 Qxe6
28. Nc4 Nxd3 29. Qg4 Qxc4 30. Rxd3 Rb5 31. Rg3 Qc1+ 32. Kh2 g5 33. Qd7 Qf4 34.
Qxd4+ Kh7 35. Qd3 Re5 36. Kg1 Qxe4 37. Re3 Qxd3 38. Rxd3 Re7 39. Kf2 c5 40. Kf3
Rc7 41. Ke4 Kg6 42. Rc3 f5+ 43. Kd5 g4 44. h4 Kh5 45. g3 f4 46. Kd6 Rc8 47. Kd7
fxg3 48. Kxc8 Kxh4 49. Rxc5 g2 50. Rc1 Kg3 51. Kd7 Kh2 52. Ke6 g1=Q 53. Rxg1
Kxg1 54. Kf5 g3 55. Kf4 Kf2 56. Kg4 g2 57. Kh4 0-1

[Event "2.Nord-West-Cup"]
[Site "?"]
[Date "2000.02.13"]
[Round "7"]
[White "Hoeppner, Hans"]
[Black "Wind, Michael"]
[Result "0-1"]
[WhiteElo "1694"]
[BlackElo "1640"]
[PlyCount "108"]

1. e3 d5 2. Ne2 Nf6 3. Ng3 c5 4. d3 Nc6 5. Nd2 e6 6. Nh5 Nxh5 7. Qxh5 g6 8. Qd1
Bg7 9. e4 O-O 10. Be2 b6 11. O-O Bb7 12. Re1 Qc7 13. Nf1 dxe4 14. dxe4 Rad8 15.
Bd2 Bxb2 16. Rb1 Bg7 17. Qc1 Nd4 18. f3 Nxe2+ 19. Rxe2 Rd7 20. Bf4 Qc8 21. Bg5
f6 22. Bh6 Rfd8 23. Bxg7 Kxg7 24. e5 f5 25. Qg5 Rf8 26. h4 Qd8 27. Qg3 Ba6 28.
Rf2 Rd4 29. f4 Rf7 30. Qe3 Bxf1 31. Rbxf1 Qxh4 32. Qb3 Qe7 33. c3 Rd5 34. a4
Qd7 35. Rb1 Rf8 36. a5 c4 37. Qc2 Rxa5 38. Rd1 Rd5 39. Rxd5 exd5 40. Rd2 Rd8
41. Qd1 Qc6 42. Qe1 Qc5+ 43. Kh1 d4 44. Qh4 Qf8 45. e6 Qf6 46. Qe1 d3 47. Ra2
a5 48. Rb2 Rb8 49. Rxb6 Rxb6 50. e7 Re6 51. e8=N+ Rxe8 52. Qxe8 Qd6 53. Qa8 d2
54. Qxa5 d1=Q+ 0-1

[Event "2.Nord-West-Cup"]
[Site "?"]
[Date "2000.02.11"]
[Round "3"]
[White "Hoffmann, Rainer"]
[Black "Porth, Hartmut"]
[Result "0-1"]
[WhiteElo "2030"]
[BlackElo "2198"]
[PlyCount "106"]

1. Nf3 Nc6 2. d4 d5 3. Bf4 Bg4 4. e3 e6 5. c3 Bd6 6. Nbd2 Bxf4 7. exf4 Qf6 8.
g3 Nge7 9. h3 Bxf3 10. Nxf3 h6 11. h4 O-O-O 12. Bh3 Nf5 13. Qd3 Nd6 14. Ne5 g5
15. Nxc6 bxc6 16. fxg5 hxg5 17. hxg5 Qxg5 18. f4 Qf6 19. O-O-O Ne4 20. Bg2 Nf2
21. Qa6+ Kd7 22. Rxh8 Rxh8 23. Rf1 Ng4 24. Qe2 Qg6 25. Rh1 Rxh1+ 26. Bxh1 Nh6
27. Qf3 Qg4 28. Qxg4 Nxg4 29. Bf3 Ne3 30. Be2 Nf5 31. g4 Nh4 32. Bd3 Kd6 33.
Kd2 Ng2 34. f5 e5 35. dxe5+ Kxe5 36. g5 c5 37. g6 fxg6 38. fxg6 Kf6 39. b4 Nf4
40. a3 Nxg6 41. c4 cxb4 42. axb4 Nf4 43. Bf1 Ke5 44. c5 Kd4 45. Ba6 Ng2 46. Kc2
Ke3 47. Kb3 d4 48. Ka4 Nf4 49. Bc4 d3 50. Bxd3 Nxd3 51. Kb5 Kd4 52. Kc6 Nxb4+
53. Kxc7 Kxc5 0-1

[Event "2.Nord-West-Cup"]
[Site "?"]
[Date "2000.02.12"]
[Round "4"]
[White "Hoffmann, Rainer"]
[Black "Fehsenfeld, Frthjof"]
[Result "1-0"]
[WhiteElo "2030"]
[BlackElo "1584"]
[PlyCount "62"]

1. Nf3 d5 2. c4 Nf6 3. d4 e6 4. Nc3 Be7 5. cxd5 exd5 6. Bf4 c5 7. e3 Bg4 8.
Bxb8 Rxb8 9. Qa4+ Bd7 10. Bb5 O-O 11. Bxd7 Nxd7 12. Nxd5 cxd4 13. Nxe7+ Qxe7
14. Qxd4 Rfd8 15. O-O b6 16. Rfd1 Nc5 17. Qe5 Rxd1+ 18. Rxd1 Rd8 19. Rxd8+ Qxd8
20. h3 g6 21. b4 Na6 22. a3 Qd1+ 23. Kh2 Qa4 24. Qc3 Qd7 25. g3 Nc7 26. Ne5 Qf5
27. Ng4 Nd5 28. Qd4 Qe6 29. Qxd5 Qe7 30. Qd4 Qc7 31. Qd7 Qc3 1-0

[Event "2.Nord-West-Cup"]
[Site "?"]
[Date "2000.02.13"]
[Round "7"]
[White "Hoffmann, Rainer"]
[Black "Schoeler, Klaus"]
[Result "1-0"]
[WhiteElo "2030"]
[BlackElo "1627"]
[PlyCount "101"]

1. Nf3 c5 2. e4 d6 3. d4 cxd4 4. Nxd4 Nc6 5. c4 Qb6 6. Nxc6 Qxc6 7. Nc3 Nf6 8.
f3 g6 9. Be3 Bg7 10. c5 O-O 11. Bb5 Qc7 12. cxd6 Qxd6 13. Qxd6 exd6 14. Rd1 Rd8
15. O-O Be6 16. Rd2 a6 17. Be2 Ne8 18. Bd4 Bh6 19. f4 Rac8 20. Bb6 Rd7 21. g3
Bc4 22. Rfd1 Bxe2 23. Rxe2 Rc6 24. Nd5 f6 25. Bd4 Bg7 26. Bc3 Kf7 27. Red2 Ke6
28. g4 Kf7 29. Kg2 h6 30. h4 Rd8 31. f5 Rc4 32. Kf3 Bf8 33. Nf4 g5 34. hxg5
hxg5 35. Ne6 Rdc8 36. Rh1 Rxc3+ 37. bxc3 Rxc3+ 38. Kf2 Kg8 39. Rhd1 Be7 40. Rd3
Rc2+ 41. R1d2 Rc4 42. Kf3 Rc1 43. Rb3 b5 44. Rdd3 Rf1+ 45. Kg2 Rf4 46. Nxf4
gxf4 47. Rbc3 Kf7 48. Rc6 a5 49. Rd5 b4 50. Rxa5 Bf8 51. Ra8 1-0

[Event "2.Nord-West-Cup"]
[Site "?"]
[Date "2000.02.10"]
[Round "1"]
[White "Hubbermann, Guenter"]
[Black "Gossmann, Ewald"]
[Result "0-1"]
[WhiteElo "1104"]
[BlackElo "2075"]
[PlyCount "60"]

1. e4 d6 2. Nc3 g6 3. g4 Bg7 4. d3 c5 5. Be3 Nc6 6. a3 e6 7. Bg2 Nge7 8. Nh3
Rb8 9. g5 b5 10. Bf4 Nd4 11. O-O Nec6 12. Rb1 a5 13. Ne2 b4 14. a4 Nxe2+ 15.
Qxe2 e5 16. Bg3 O-O 17. f4 Nd4 18. Qf2 Bg4 19. fxe5 dxe5 20. b3 Qd7 21. Bh4
Bxh3 22. Bxh3 Qxh3 23. Qg3 Ne2+ 24. Kh1 Nxg3+ 25. Kg1 Nxf1 26. Rxf1 Qxh4 27.
Kh1 Rb6 28. Rg1 f6 29. gxf6 Rbxf6 30. Rg2 Rf1+ 0-1

[Event "2.Nord-West-Cup"]
[Site "?"]
[Date "2000.02.11"]
[Round "3"]
[White "Hubbermann, Guenter"]
[Black "Ungar, Benedict"]
[Result "0-1"]
[WhiteElo "1104"]
[BlackElo "1615"]
[PlyCount "82"]

1. c4 Nf6 2. Nc3 e6 3. Nf3 d5 4. e3 c6 5. d3 Bd6 6. g3 Nbd7 7. Bg2 O-O 8. d4
dxc4 9. b3 cxb3 10. Qxb3 Nd5 11. O-O Nxc3 12. Qxc3 Re8 13. Bb2 f6 14. Rae1 Qb6
15. a3 e5 16. e4 exd4 17. Nxd4 Kh8 18. Bh3 Be5 19. f4 Bxd4+ 20. Qxd4 Qxd4+ 21.
Bxd4 Nb6 22. f5 Nc4 23. Rf3 Ne5 24. Bxe5 Rxe5 25. g4 b6 26. a4 Bb7 27. Bf1 c5
28. Bc4 Rd8 29. Rd3 Rxd3 30. Bxd3 Kg8 31. Bc4+ Kf8 32. Be6 Rxe4 33. Rxe4 Bxe4
34. Kf2 Ke7 35. Ke3 Bc2 36. Kf4 g5+ 37. fxg6 Kxe6 38. g7 Kf7 39. g5 fxg5+ 40.
Kxg5 Kxg7 41. h4 Bxa4 0-1

[Event "2.Nord-West-Cup"]
[Site "?"]
[Date "2000.02.10"]
[Round "1"]
[White "Hundack, Rolf"]
[Black "Albers, Andreas"]
[Result "0-1"]
[WhiteElo "2252"]
[BlackElo "1791"]
[PlyCount "98"]

1. c4 g6 2. Nc3 e5 3. d4 Bg7 4. dxe5 Bxe5 5. Nf3 Bg7 6. h4 Nf6 7. Bg5 d6 8. h5
O-O 9. Qd4 Nxh5 10. Bxd8 Bxd4 11. Bxc7 Bc5 12. O-O-O Bxf2 13. Bxd6 Be3+ 14. Nd2
Rd8 15. Bh2 Be6 16. g4 Bxg4 17. Nd5 Bxd2+ 18. Rxd2 Nc6 19. Bg2 Rac8 20. Rhd1
Re8 21. Re1 Ne5 22. Ne3 Nxc4 23. Nxg4 Ne3+ 24. Kb1 Nxg2 25. Rg1 Ne3 26. Nf2
Rcd8 27. Rxd8 Rxd8 28. Nd3 Rc8 29. Be5 Ng7 30. Bd4 Ngf5 31. Bxa7 Rc2 32. Nc1
Rd2 33. a4 Nc4 34. b3 Na3+ 35. Ka1 Nc2+ 36. Kb1 Ncd4 37. e3 Ne2 38. Nxe2 Rxe2
39. Rc1 Rd2 40. Rc8+ Kg7 41. Rc7 h5 42. Rxb7 h4 43. Bb8 h3 44. Be5+ Kf8 45. a5
Rd5 46. Bf6 Nd6 47. Be7+ Kg7 48. Bxd6 Rxd6 49. Rc7 Rd1+ 0-1

[Event "2.Nord-West-Cup"]
[Site "?"]
[Date "2000.02.11"]
[Round "3"]
[White "Hundack, Rolf"]
[Black "Zschischang, Gunnar"]
[Result "1/2-1/2"]
[WhiteElo "2252"]
[BlackElo "2066"]
[PlyCount "104"]

1. c4 e6 2. Nc3 d5 3. d4 Be7 4. Nf3 Nf6 5. Bg5 c6 6. e3 Nbd7 7. Bd3 dxc4 8.
Bxc4 b5 9. Bd3 Bb7 10. O-O O-O 11. Qe2 a6 12. Rfd1 Rc8 13. e4 c5 14. dxc5 Rxc5
15. a4 b4 16. Na2 Qa5 17. Bd2 Rc7 18. Qe1 Ne5 19. Bxb4 Bxb4 20. Qxb4 Qxb4 21.
Nxb4 Nxd3 22. Nxd3 Bxe4 23. Nfe1 Nd5 24. Kf1 Rfc8 25. Rac1 Kf8 26. Rxc7 Rxc7
27. Rc1 Rxc1 28. Nxc1 Ke7 29. Ke2 Kd6 30. Ncd3 e5 31. Kd2 f6 32. g3 Bg6 33. Nc2
a5 34. Na3 Bxd3 35. Kxd3 Kc5 36. Nc4 Kb4 37. Nd6 g6 38. Ne8 f5 39. Ng7 Nb6 40.
Ne8 Nxa4 41. Kc2 Nc5 42. Nf6 e4 43. Nxh7 Nd3 44. Nf8 g5 45. Ne6 Nxf2 46. Nxg5
Ng4 47. h4 Nf6 48. b3 Nh5 49. g4 fxg4 50. Nxe4 g3 51. Ng5 g2 52. Nf3 Ng3
1/2-1/2

[Event "2.Nord-West-Cup"]
[Site "?"]
[Date "2000.02.12"]
[Round "5"]
[White "Hundack, Rolf"]
[Black "Niebergall, Gerhard"]
[Result "0-1"]
[WhiteElo "2252"]
[BlackElo "2113"]
[PlyCount "60"]

1. c4 Nf6 2. Nc3 c6 3. Nf3 d5 4. d4 e6 5. e3 Nbd7 6. Bd3 dxc4 7. Bxc4 b5 8. Bd3
a6 9. e4 c5 10. d5 c4 11. dxe6 fxe6 12. Bc2 Qc7 13. O-O Bd6 14. Qe2 Bb7 15. Bg5
O-O-O 16. h3 h6 17. Bxf6 gxf6 18. Nd4 Nc5 19. Ndxb5 axb5 20. Nxb5 Qb6 21. Qxc4
Ba6 22. a4 Kb8 23. Rfd1 Be5 24. Rab1 Bxb5 25. axb5 Rxd1+ 26. Bxd1 Rd8 27. Bf3
Nd3 28. Rf1 Nxf2 29. Qc6 Nxh3+ 30. Kh1 Qg1+ 0-1

[Event "2.Nord-West-Cup"]
[Site "?"]
[Date "2000.02.13"]
[Round "7"]
[White "Hundack, Rolf"]
[Black "Opalka, Stefan"]
[Result "1-0"]
[WhiteElo "2252"]
[BlackElo "1784"]
[PlyCount "45"]

1. c4 c5 2. Nc3 Nf6 3. g3 e6 4. Nf3 Be7 5. Bg2 O-O 6. O-O d6 7. d4 cxd4 8. Nxd4
a6 9. b3 Nbd7 10. Bb2 Rb8 11. h3 h5 12. e4 Qc7 13. Rc1 b6 14. Kh1 Bb7 15. f4
Rfe8 16. f5 exf5 17. Nd5 Nxd5 18. cxd5 Qd8 19. Nc6 Bxc6 20. dxc6 Nc5 21. b4 Ne6
22. exf5 Nc7 23. f6 1-0

[Event "2.Nord-West-Cup"]
[Site "?"]
[Date "2000.02.11"]
[Round "2"]
[White "Huntemann, Herms"]
[Black "Schmitz-Jordan, Juergen"]
[Result "1/2-1/2"]
[WhiteElo "1244"]
[BlackElo "1849"]
[PlyCount "40"]

1. e4 g6 2. d4 Bg7 3. Nf3 d6 4. Be3 Nf6 5. Nbd2 O-O 6. Bd3 Nbd7 7. h3 e5 8. d5
Qe7 9. c4 Nh5 10. Nb3 Nf4 11. Bxf4 exf4 12. Qd2 f5 13. O-O-O fxe4 14. Rhe1 Qf6
15. Rxe4 Nc5 16. Nxc5 dxc5 17. Rde1 Bf5 18. R4e2 Bxd3 19. Qxd3 Rad8 20. Qc2 Qa6
1/2-1/2

[Event "2.Nord-West-Cup"]
[Site "?"]
[Date "2000.02.12"]
[Round "5"]
[White "Huntemann, Herms"]
[Black "Eden, Wilke"]
[Result "1-0"]
[WhiteElo "1244"]
[BlackElo "1616"]
[PlyCount "105"]

1. e4 e5 2. Nf3 Nc6 3. Bc4 Bc5 4. O-O Nf6 5. d3 d6 6. Be3 Bb6 7. Bxb6 axb6 8.
Nbd2 Bg4 9. h3 Bh5 10. c3 O-O 11. Re1 Re8 12. Qc2 d5 13. Bb3 d4 14. cxd4 exd4
15. Qc4 Ne5 16. Nxe5 Rxe5 17. f4 Rc5 18. Qb4 Qd7 19. a4 h6 20. f5 Qd6 21. e5
Rxe5 22. Qxd6 cxd6 23. Rxe5 dxe5 24. g4 Nxg4 25. hxg4 Bxg4 26. Nc4 Bxf5 27.
Nxe5 Kf8 28. Bxf7 Ra5 29. Rf1 Rxe5 30. Bg6 Ke7 31. Rxf5 Re3 32. Rf7+ Ke6 33.
Rxb7 Re1+ 34. Kf2 Ra1 35. Rxb6+ Ke5 36. Rb5+ Kf6 37. Rb6+ Kg5 38. Be8 Ra2 39.
a5 Rxa5 40. Rb5+ Rxb5 41. Bxb5 Kf4 42. Bc6 h5 43. b4 Ke5 44. Kf3 g5 45. b5 Kd6
46. Ke4 Kc5 47. Kf5 g4 48. Kg5 g3 49. Kxh5 g2 50. Bxg2 Kxb5 51. Be4 Kc5 52. Kg5
Kd6 53. Kf5 1-0

[Event "2.Nord-West-Cup"]
[Site "?"]
[Date "2000.02.10"]
[Round "1"]
[White "Issel, Oliver"]
[Black "Gutman, Lev"]
[Result "0-1"]
[WhiteElo "1980"]
[BlackElo "2488"]
[PlyCount "92"]

1. d4 Nf6 2. c4 g6 3. Nc3 Bg7 4. e3 O-O 5. Nge2 c5 6. g3 cxd4 7. exd4 d5 8.
cxd5 Nxd5 9. Bg2 Nb6 10. O-O Nc6 11. d5 Ne5 12. Bf4 Nbc4 13. b3 Nd6 14. Rc1 Bd7
15. Qd2 Re8 16. Rfe1 Qb6 17. Be3 Qa6 18. Rf1 Rad8 19. Kh1 Ng4 20. Bf4 Qb6 21.
Kg1 Rc8 22. h3 Nf6 23. Be5 Nfe4 24. Nxe4 Bxe5 25. Nxd6 exd6 26. Rxc8 Rxc8 27.
Rc1 Re8 28. Rc4 a5 29. Bf3 Qd8 30. Kg2 b5 31. Rc1 b4 32. h4 Qf6 33. Be4 Bb2 34.
Rc2 Rxe4 35. Rxb2 Bb5 36. Nf4 h6 37. Rc2 Re8 38. Qd1 Qf5 39. Qd2 g5 40. hxg5
hxg5 41. Nh5 Be2 42. Qxe2 Rxe2 43. Rxe2 Qxd5+ 44. f3 Qb5 45. Rd2 Qe5 46. Kf2 f5
0-1

[Event "2.Nord-West-Cup"]
[Site "?"]
[Date "2000.02.11"]
[Round "3"]
[White "Issel, Oliver"]
[Black "Kerker, Andreas"]
[Result "1/2-1/2"]
[WhiteElo "1980"]
[BlackElo "2195"]
[PlyCount "81"]

1. d4 Nf6 2. c4 g6 3. Nc3 Bg7 4. e3 O-O 5. Nge2 d6 6. g3 c6 7. Bg2 Bd7 8. b3
Qc8 9. O-O Bh3 10. Qc2 Bxg2 11. Kxg2 d5 12. Ba3 Re8 13. cxd5 cxd5 14. Rac1 Qd7
15. Na4 Na6 16. Qd3 Rec8 17. Rxc8+ Rxc8 18. Rc1 Rxc1 19. Nxc1 h5 20. h4 Ne4 21.
Nc3 Nxc3 22. Qxc3 Nc7 23. Qc5 e5 24. dxe5 Nb5 25. Bb2 b6 26. Qc2 d4 27. Qe4
dxe3 28. Qxe3 Qc6+ 29. Kh2 Kh7 30. a4 Nc7 31. Qc3 Qd7 32. Qd3 Qc6 33. Qc4 Qf3
34. Qe2 Qd5 35. Qd3 Qc6 36. Ne2 Ne6 37. Nd4 Nxd4 38. Bxd4 Qd5 39. Qe3 Bh6 40.
f4 Qc6 41. Qc3 1/2-1/2

[Event "2.Nord-West-Cup"]
[Site "?"]
[Date "2000.02.12"]
[Round "5"]
[White "Issel, Oliver"]
[Black "Korsus, Bernd"]
[Result "1-0"]
[WhiteElo "1980"]
[BlackElo "2186"]
[PlyCount "140"]

1. d4 Nf6 2. c4 c5 3. e3 g6 4. Nc3 Bg7 5. Nge2 O-O 6. g3 cxd4 7. exd4 d5 8.
cxd5 Nxd5 9. Bg2 Nb6 10. O-O Nc6 11. d5 Ne5 12. Bf4 Bg4 13. h3 Bd7 14. Rc1 Rc8
15. b3 Bf5 16. Bxe5 Bxe5 17. Qd2 Rc7 18. Rfd1 Nc8 19. Qe3 Bg7 20. Nd4 Nd6 21.
Nxf5 Nxf5 22. Qd3 a6 23. Na4 Qd6 24. Rxc7 Qxc7 25. Qc4 Qxc4 26. bxc4 b5 27.
cxb5 axb5 28. Nc5 Rc8 29. Ne4 Nd4 30. Rd2 h6 31. d6 exd6 32. Rd3 b4 33. Kh2 Rc2
34. Rd2 Rxd2 35. Nxd2 Kf8 36. Bd5 Ke7 37. Nc4 Ne6 38. Kg2 Bd4 39. Na5 Bc5 40.
Nc4 Nc7 41. Bf3 Nb5 42. Bd1 d5 43. Ne5 Nc3 44. Bb3 Ke6 45. f4 Bd6 46. Nc6 f5
47. Kf3 Kd7 48. Nd4 Bc5 49. Nc2 Kd6 50. Ne1 Ne4 51. Bc2 Bd4 52. Nd3 Bc3 53. g4
fxg4+ 54. hxg4 g5 55. f5 Nf6 56. Bd1 Nd7 57. Ke3 Nb6 58. Nc1 Nc4+ 59. Ke2 Ne5
60. Kf2 d4 61. Be2 Kd5 62. Nd3 Nc4 63. Nc1 Nd2 64. Bd3 Nc4 65. Nb3 Ne3 66. Be2
Nc2 67. Bd3 Ne1 68. Nc1 Nxd3+ 69. Nxd3 Bd2 70. Ke2 Bf4 1-0

[Event "2.Nord-West-Cup"]
[Site "?"]
[Date "2000.02.10"]
[Round "1"]
[White "Judas, Sven"]
[Black "van der Veen, Anne"]
[Result "1-0"]
[WhiteElo "2076"]
[BlackElo "1600"]
[PlyCount "79"]

1. d4 e6 2. Nf3 c5 3. e3 Nf6 4. Bd3 b6 5. c3 Bb7 6. Nbd2 cxd4 7. exd4 Nc6 8.
O-O Ne7 9. Qe2 Ng6 10. Nc4 Qb8 11. Nce5 a6 12. Re1 Bd6 13. Bg5 Ra7 14. Nc4 Bf4
15. Bxf4 Nxf4 16. Qd1 Nxd3 17. Qxd3 Bxf3 18. Qxf3 O-O 19. Re5 Rc8 20. Ne3 d6
21. Rg5 Kf8 22. Re1 h6 23. Rg3 Qb7 24. Qe2 Qe4 25. Qd2 Qh7 26. Rf3 d5 27. c4
dxc4 28. Qb4+ Kg8 29. Qxb6 Rac7 30. Qxa6 Qe4 31. Rd1 Ra8 32. Qb5 Rxa2 33. Qb8+
Ne8 34. Qxe8+ Kh7 35. Qb5 Rb7 36. Qxc4 Rbxb2 37. Rxf7 Qxe3 38. fxe3 Rxg2+ 39.
Kf1 Rxh2 40. Qc6 1-0